Responses for Show #8021 - Monday, June 24, 2019

2019 Teen Tournament semifinal game 1.

Contestants

[<< previous game]

Hannah Nekritz, a senior from Stamford, Connecticut

Lucas Miner, a junior from Miami, Florida

Justin Bolsen, a freshman from Canton, Georgia

[next game >>]

Jeopardy! Round responses

DEBATE CLUB
ANIMATED TV
THERE'S AN EMOJI FOR THAT
SILENT LETTER BUT DEADLY
KITCHEN
ISLAND
    $200 6
(Hannah: What is the Constitution?)

the Declaration of Independence

LucasHannah
    $200 17
South Park

Hannah
    $200 11
(Lucas: What is criss-cross applesauce?)

lotus

Lucas
Triple Stumper
    $200 12
(Justin: What is anesthesia?)
...
(Alex: You go [*]. Silent letter in each correct response, but deadly stuff.)

under the knife

Justin
Triple Stumper
    $200 13
pizza

Lucas
    $200 1
Ellis Island

Lucas
    $400 7
God

Justin
    $400 18
Teen Titans

Hannah
    $400 16
live long and prosper (or the Vulcan salute)

Hannah
    $400 27
scissors

Hannah
    $400 14
a sieve (or a strainer)

Hannah
    $400 2
Oahu

Lucas
    $600 8
the Milky Way

Justin
    $600 19
Bikini Bottom

Lucas
    $600 22
a monkey

Justin
    $600 28
a wrench

Lucas
    $600 15
(Alex: Do you do that at home? Do you help out?)
(Justin: Yes, yes.)
(Alex: Good for you.)

washing the dishes

Justin
    $600 3
Barbados

Triple Stumper
    $800 9
(Lucas: Who is Khrushchev?)

JFK

JustinLucas
    $800 20
Tom and Jerry

Hannah
    $800 23
levitating

Triple Stumper
    $800 29
a coup

Lucas
    $800 25
an apple

Hannah
    $1,000 4
Java

Lucas
    $1000 10
Buddhism

Lucas
    $1000 21
Gumball

Justin
    $1000 24
(Lucas: What is coniferous?)

deciduous

JustinLucas
    $1000 30
a scythe

Lucas
    $1000 26
(Justin: What is a garbage dispenser?)
(Alex: Yes. Uh, no.)

a garbage disposal

JustinLucas
    $1000 5
Sweden

Lucas

Scores at the first commercial break (after clue 15):

Justin Lucas Hannah
$2,200 $3,000 $200

Scores at the end of the Jeopardy! Round:

Justin Lucas Hannah
$3,800 $6,000 $3,200

Double Jeopardy! Round responses

STUFF ABOUT CELEBRITIES
MEMORIALS
YOUR OLD PAL AL GEBRA
SHAKESPEARE'S CONTEMPORARIES
FAMILY MATTERS
"POP" QUIZ
    $400 5
Leonardo DiCaprio

Justin
    $400 11
Mount Rushmore

Justin
    $400 26
variables

Justin
    $400 6
London

Lucas
    $400 19
the nuclear family unit

Hannah
    $400 16
(Justin: What are strudels?)

Pop-Tarts

JustinLucas
    $800 4
Serena Williams

Lucas
    $800 12
Churchill

Justin
    $800 27
the quadratic equation

Justin
    $800 7
revenge

Triple Stumper
    $800 22
a branch

Hannah
    $800 17
a pop-up

Lucas
    $1200 1
Hadid

Hannah
    $1200 13
(Hannah: What is Birmingham?)

Montgomery

LucasHannah
    $6,600 28
(Justin: What is a root?)

an exponent

Justin
    $1200 8
a sonnet

Lucas
    $1200 23
stepsisters

Hannah
    $1200 18
Pop Warner

Triple Stumper
    $1600 2
Orlando Bloom

Hannah
    $1600 14
November 11th

Lucas
    $1600 29
polynomials

Lucas
    $1,600 9
(Lucas: What is his life?)

soul

Lucas
    $1600 24
the patriarch

Lucas
    $1600 20
(Justin: [Sighs and shakes head.])

to pop the question

JustinHannah
    $2000 3
Amanda Seyfried

Triple Stumper
    $2000 15
Waterloo

Lucas
    $2000 30
the square

Lucas
    $2000 10
Greek

Triple Stumper
    $2000 25
the sons of liberty

Justin
    $2000 21
poppycock

Hannah

Scores at the end of the Double Jeopardy! Round:

Justin Lucas Hannah
$0 $18,000 $10,800

[wagering suggestions for these scores]

Final Jeopardy! Round responses

COLLEGES & UNIVERSITIES
HannahWho is Stei
$10,700
LucasWho is Stanford?
$3,601
Leland Stanford

Final scores:

Justin Lucas Hannah
$0 $21,601 $100
3rd place: $10,000 Finalist 2nd place: $10,000

Game dynamics:

Coryat scores:

Justin Lucas Hannah
$6,600 $19,400 $10,800
13 R,
5 W
(including 1 DD)
23 R
(including 1 DD),
4 W
(including 1 DD)
14 R,
2 W

Combined Coryat: $36,800

[game clues] [game scores] [suggest correction]

Game tape date: 2018-12-11
The J! Archive is created by fans, for fans. Scraping, republication, monetization, and malicious use prohibited; this site may use cookies and collect identifying information. See terms. The Jeopardy! game show and all elements thereof, including but not limited to copyright and trademark thereto, are the property of Jeopardy Productions, Inc. and are protected under law. This website is not affiliated with, sponsored by, or operated by Jeopardy Productions, Inc. Join the discussion at JBoard.tv.